000 00318nam a2200109Ia 4500
008 171204s9999 xx 000 0 und d
245 _aAfterimages: Photography and U.S. Foreign Policy:
245 _cLiam Kennedy
260 _c2016
650 _xPHOTOJOURNALISM
856 _uhttp://down.ebook777.com/036/022633726X.pdf
999 _c346172
_d346172